[Event "EWCCC Online Final 2020"]
[Site "Online"]
[Date "2020.12.21"]
[Round "7.2"]
[White "Javakhishvili, Lela"]
[Black "Girya, Olga"]
[Result "0-1"]
[WhiteElo "2473"]
[BlackElo "2464"]
[Annotator "TA"]
[PlyCount "146"]
[EventDate "2020.12.19"]
[EventType "team-tourn"]
[EventCountry "NET"]
[SourceTitle "playchess.com"]
[Source "ChessBase"]
[SourceQuality "1"]

{[%evp 18,146,20,4,2,-17,0,0,0,0,0,-21,-28,-16,-16,-4,0,0,-4,-28,-9,-38,-29,-22,-8,-36,-29,-35,-35,-41,-29,-63,-29,-65,-45,-37,-25,-44,-9,-12,-13,-54,-61,-78,-30,-24,0,-25,0,-16,0,0,0,0,0,-11,-14,-20,0,0,35,30,33,25,25,41,34,7,0,0,0,0,0,0,0,0,0,0,0,-646,0,0,0,0,0,-552,-547,-543,-522,-408,-398,-29974,-29975,-29975,-29976,-29976,-29977,-29977,-29978,-29978,-29979,-29982,-29983,-29983,0,-29979,-29980,-29981,-29981,-29986,-29987,-29987,-29988,-29988,-29989,-29990,-29991,-29991,-29990,-29990,-29989,-29989,-29989,-29990,-29991,-29991,-29991,-29992,-29993,-29995,-5409]} 1. g3 d5 2. Bg2 Nf6 3. c4 e6 4. Nf3 Be7 5. O-O O-O 6. b3 b6 7. Bb2 Bb7 8. e3 c5 9. Qe2 Nc6 10. d3 Qd7 {A14: English Opening: 1...e6 with b3 by White.} 11. Nc3 d4 12. exd4 Nxd4 {The position is equal.} 13. Nxd4 cxd4 14. Nb5 Bxg2 15. Kxg2 Bc5 {[#]} 16. b4 $146 ({Predecessor:} 16. Rfe1 a6 17. Na3 Rae8 18. Nc2 e5 19. Qf3 Re7 20. Rad1 b5 21. Ba3 Bxa3 22. Nxa3 {1-0 (46) Hecht,H-Gulbrandsen,A Eksjo 1975}) 16... Bxb4 17. Nxd4 Rfd8 18. Rad1 Be7 19. Nf3 Qb7 20. d4 Qe4 21. Qe3 Rac8 22. Rc1 Qxe3 23. fxe3 Ne4 24. Rc2 Rc7 (24... Rd5 $5) 25. Ne5 f6 26. Nd3 Rdc8 27. Rfc1 $1 Bd6 28. Nf2 f5 29. Nd3 h5 30. Nf4 Bxf4 (30... Kf7 {with more complications.} 31. Nd3 g5 32. Kg1 a5 33. Kg2 a4) 31. gxf4 Kf7 32. Ba3 Rc6 33. Bb4 a5 34. Be1 Nd6 {[%cal Rc6c4]} 35. c5 Ne4 {[%cal Rb6c5]} 36. a4 bxc5 37. Rc4 Ra6 38. dxc5 Rac6 {[%cal Rc6c5]} 39. Bxa5 Rxc5 40. Rxc5 Rxc5 $14 {[%mdl 4096] Endgame [#] KRB-KRN} 41. Bd2 $1 {[%mdl 512]} Rd5 (41... Nxd2 42. Rxc5) 42. Rc7+ Kg6 43. Bc1 Ra5 44. Bb2 Rxa4 45. Rxg7+ Kh6 46. Rb7 Ra2 47. Kf3 h4 {aiming for ...Nd2+.} 48. Kg2 $2 {[%mdl 8192]} (48. Bg7+ $11 Kh5 49. Rb2) 48... Kh5 49. Rh7+ {[#]} Kg6 $1 {[%mdl 512]} 50. Rg7+ Kh6 51. Rb7 {[#] White is now going downhill.} Nc5 $1 {[%cal Rc5b7]} 52. Rb6 Nd3 53. Rxe6+ Kh5 54. Rb6 $2 (54. h3 $19) 54... Rxb2+ 55. Rxb2 Nxb2 {KN-K3P} 56. Kf3 Nc4 57. h3 Nd6 58. Ke2 Ne4 59. Kd3 Nf2+ 60. Ke2 Ne4 61. Kd3 $1 {Cut Off at move 61} Kg6 {Black mates.} 62. Kd4 Kf6 63. Kd5 Nf2 64. Kd4 Nxh3 65. e4 Nxf4 66. exf5 Kxf5 67. Ke3 Kg4 68. Kf2 Nd3+ 69. Kg2 Ne5 70. Kh2 h3 71. Kh1 Kg3 72. Kg1 Ng4 73. Kh1 Nf2+ {Weighted Error Value: White=0.36/Black=0.33} 0-1

[Event "EWCCC Online Final 2020"]
[Site "Online"]
[Date "2020.12.21"]
[Round "7.2"]
[White "Badelka, Olga"]
[Black "Arabidze, Meri"]
[Result "0-1"]
[WhiteElo "2440"]
[BlackElo "2437"]
[Annotator "TA"]
[PlyCount "156"]
[EventDate "2020.12.19"]
[EventType "team-tourn"]
[EventCountry "NET"]
[SourceTitle "playchess.com"]
[Source "ChessBase"]
[SourceQuality "1"]

{[%evp 14,156,12,0,0,0,43,0,29,22,92,47,88,91,74,40,78,52,52,13,17,18,22,24,52,29,18,7,90,85,133,133,140,145,137,18,21,25,16,4,8,0,0,-42,-42,-36,-37,-37,-36,-40,-33,-33,-24,-156,-154,-154,-173,-178,-172,-137,-156,-257,-243,-391,-487,-476,-441,-645,-641,-1215,-1231,-12837,-906,-828,-720,-532,0,-623,-599,-543,-526,-519,-391,-483,-450,-471,-438,-356,0,-973,0,0,0,0,0,0,0,0,0,-12851,-12851,-12851,-12851,-12851,-12851,-12851,-12851,-12851,-12851,-12851,-12851,-12851,-12851,-12851,-12851,-12851,-12851,-12851,-12851,-12851,-12851,-12851,-12851,-12851,-12851,-12851,-12851,-12851,-12851,-12851,-12851,-12851,-12851,-12851,-12851,-12851,-12851,-12851,-12851,-12851,-12851,-29990,-29991,-29991,-29992]} 1. Nf3 Nf6 2. g3 d5 3. Bg2 e6 4. O-O b5 5. d4 Be7 6. a4 b4 7. c4 bxc3 8. Nxc3 {8.Nxc3 scores better than 8.bxc3.} O-O {A46: 1 d4 Nf6 2 Nf3 e6: Torre, London and Colle Systems.} 9. Bf4 Na6 10. Rc1 c5 {The position is equal.} 11. dxc5 Bxc5 (11... Nxc5 $11 {remains equal.} 12. b4 Ncd7) 12. Nb5 {[#]} Bb7 $146 ({Predecessor:} 12... Ne4 13. Ne5 Qf6 14. Nd3 Be7 15. Be5 Qh6 16. Bd4 Bd7 17. Nc7 Nxc7 18. Rxc7 Rfd8 19. Rxa7 {1-0 (53) Hess,R (2591)-Arabidze,M (2428) chess.com INT 2020}) 13. Ne5 Rc8 14. Bg5 Nb4 15. Ng4 Be7 $1 16. Rxc8 (16. Nxf6+ {seems wilder.} Bxf6 17. Bxf6 Qxf6 18. Nxa7 Rb8 19. Nb5) 16... Bxc8 17. Bxf6 Bxf6 18. Nxa7 Bd7 ({Wrong is} 18... Bxb2 $2 19. Qd2 $18) 19. Nxf6+ Qxf6 20. Qb3 Rb8 (20... Qd4 $11) 21. Nb5 $1 $16 Na6 22. Rc1 h6 23. e3 Qd8 24. Qa3 (24. Bf1 $16) 24... Bxb5 $11 25. axb5 Nc7 26. b6 Nb5 27. Qa5 Qxb6 28. b4 Nd6 29. Qxb6 Rxb6 $15 {[%mdl 4096] Endgame KRB-KRN} 30. Rb1 Kf8 31. Bf1 Ke7 32. Bd3 Nc4 33. Bxc4 (33. h4 $1 $11 {was the only way to keep the balance.}) 33... dxc4 $11 {KR-KR} 34. Kf1 Kd6 35. Ke2 Kc6 $1 36. Kd2 Kb5 $1 37. Kc3 (37. Ra1 $17) 37... Ra6 $1 $19 38. Rb2 (38. Rd1 {might work better.} Ra3+ 39. Kb2) 38... Ra3+ 39. Kc2 f5 40. h4 (40. h3 $142 e5 41. h4) 40... g5 41. hxg5 hxg5 42. Kc1 Rc3+ (42... c3 $142 43. Re2 Ra1+ 44. Kc2 Kxb4) 43. Kd2 Rd3+ 44. Kc2 Ra3 $2 (44... e5 $19 {And now ...Ra3 would win.} 45. Ra2 Kxb4) 45. Rb1 $2 {[%mdl 8192]} (45. Kc1 $11) 45... Ra2+ 46. Kc3 Rxf2 47. Ra1 {[#]} Rf3 $1 48. Ra5+ {[#]} Kc6 $1 49. Kxc4 Rxe3 50. Ra6+ Kc7 $2 ({Better is} 50... Kb7 $19 51. b5 g4) 51. Kb5 $2 {[%mdl 8192]} (51. b5 $11) 51... f4 $2 (51... Rxg3 $19 {Threatens to win with ...Re3.} 52. Rxe6 f4) 52. gxf4 $11 gxf4 53. Kc5 Re5+ 54. Kd4 Rd5+ 55. Ke4 Rf5 56. Rxe6 $2 {[%mdl 8192] Black converts the advantage convincingly.} (56. Kf3 $11) 56... f3 $19 57. Kxf5 {KR-KP} f2 58. Re7+ Kd8 59. Re4 f1=Q+ {KQ-KR} 60. Ke5 Kc7 61. Kd5 {Cut Off at move 61} Qb5+ 62. Ke6 Kc6 {( -> ...Qd5+)} 63. Kf6 Qf1+ 64. Ke5 Qf7 65. Kd4 Kb5 66. Ke5 Qe7+ 67. Kf4 Qf6+ 68. Ke3 Kc6 69. Rd4 Qe5+ 70. Kd3 Kb5 71. Re4 Qg3+ 72. Ke2 Ka4 73. Re3 Qg4+ 74. Kd3 Qd1+ 75. Kc3 Qc1+ 76. Kd4 Kxb4 77. Rd3 Qf4+ 78. Kd5 Qc4+ {[%mdl 64] Double Attack.  Weighted Error Value: White=0.84/Black=0.42} 0-1

[Event "EWCCC Online Final 2020"]
[Site "Online"]
[Date "2020.12.21"]
[Round "7.2"]
[White "Mkrtchian, Lilit"]
[Black "Dordzhieva, Dinara"]
[Result "0-1"]
[WhiteElo "2388"]
[BlackElo "2334"]
[Annotator "TA"]
[PlyCount "78"]
[EventDate "2020.12.19"]
[EventType "team-tourn"]
[EventCountry "NET"]
[SourceTitle "playchess.com"]
[Source "ChessBase"]
[SourceQuality "1"]

{[%evp 14,78,4,0,19,0,7,13,15,12,8,14,12,8,24,15,27,39,50,-56,-59,-60,-54,-102,-96,-127,-137,-134,-157,-172,-152,-132,-43,-45,-44,-47,-32,-38,0,0,0,-61,-58,-88,-88,-88,-88,-163,-151,-155,-156,-156,-156,-241,-210,-306,-229,-542,-538,-500,-258,-2197,-2101,-29982,-29983,-29985,-29986]} 1. c4 Nf6 2. Nc3 c5 3. g3 g6 4. Bg2 Bg7 5. e4 Nc6 6. Nge2 d6 7. d3 {now scores much better than the old 7.0-0.} O-O 8. O-O Nd7 {A36: Symmetrical English vs ...g6: 4 Bg2 Bg7.} 9. f4 Rb8 10. Be3 Nd4 {The position is equal.} 11. Rb1 a6 12. b4 {[#]} b6 $146 ({Predecessor:} 12... b5 13. bxc5 dxc5 14. cxb5 Nxe2+ 15. Nxe2 axb5 16. Qc2 Ba6 17. e5 e6 18. Nc3 Qc7 {½-½ (66) Civi,A (1637)-Karaoglan,K (1985) Konya 2017}) 13. Qd2 Bb7 14. f5 e6 {[%cal Re6f5]} 15. Bg5 f6 16. fxe6 ({White should try} 16. Be3 $14 e5 17. Nd5) 16... fxg5 $15 17. exd7 Rxf1+ 18. Rxf1 cxb4 19. Nd5 Bxd5 ({Reject} 19... Qxd7 $6 20. Nxd4 Bxd4+ 21. Kh1 $11) 20. exd5 Qxd7 21. Nxd4 Bxd4+ 22. Kh1 Rf8 ({Black should play} 22... a5 $1 $17 23. Qxg5 a4) 23. Rxf8+ Kxf8 24. Qxb4 Qe7 25. Qd2 Qe3 (25... h5 {with more complications.} 26. Bf3 Qf6 27. Kg2 g4 28. Be4 Kg7) 26. Qxe3 $1 Bxe3 $11 {[%mdl 4096] Endgame KB-KB} 27. g4 (27. Bh3 $11) 27... Ke7 28. Be4 Kf6 29. Kg2 Ke5 30. Kf3 {[#]} (30. Bf3 $17) 30... Kd4 $1 $19 31. Ke2 Bg1 32. h3 {[#]} Kc3 $1 33. Kd1 (33. Bf3 $17) 33... Kb2 34. d4 (34. a4 $142) 34... Bxd4 35. Bc2 $2 (35. a4) 35... Kxa2 36. Ba4 Ka3 37. Bd7 $2 (37. Bc2) 37... Kb3 38. Kc1 a5 {[%cal Ba6a5,Ba5a4][%mdl 32]} 39. Kb1 a4 {Weighted Error Value: White=0.74/Black=0.08} 0-1

[Event "EWCCC Online Final 2020"]
[Site "Online"]
[Date "2020.12.21"]
[Round "7.2"]
[White "Kovanova, Baira"]
[Black "Ambartsumova, Karina"]
[Result "1/2-1/2"]
[WhiteElo "2328"]
[BlackElo "2382"]
[Annotator "TA"]
[PlyCount "50"]
[EventDate "2020.12.19"]
[EventType "team-tourn"]
[EventCountry "NET"]
[SourceTitle "playchess.com"]
[Source "ChessBase"]
[SourceQuality "1"]

{[%evp 16,50,24,12,20,11,12,19,20,27,0,11,4,10,24,21,33,31,61,59,62,44,33,54,58,71,75,0,0,0,0,0,0,0,0,0,0]} 1. d4 Nf6 2. Nf3 e6 3. c4 d5 4. g3 dxc4 5. Bg2 Nc6 6. Qa4 Bb4+ 7. Bd2 Bd6 8. Qxc4 O-O 9. O-O e5 {E04: Open Catalan: 5 Nf3.} 10. d5 Ne7 11. Nc3 h6 12. Rfd1 a6 13. a4 c6 14. dxc6 {Threatens to win with Nxe5!} Nxc6 15. Be3 Be6 16. Qh4 {[#]} Qe7 $146 {[#]} ({Predecessor:} 16... Bb3 17. Rd2 Qe7 18. g4 e4 19. g5 exf3 20. gxf6 Qxf6 21. Qxf6 gxf6 22. Rxd6 fxg2 23. Bxh6 {1-0 (36) Ju,W (2567)-Dzagnidze,N (2522) Riadh 2017}) 17. Bxh6 $1 {[%mdl 512]} gxh6 {[#]} 18. Rxd6 $1 {[%mdl 512]} Qxd6 19. Qxf6 Qe7 20. Qxh6 f6 21. Ng5 (21. Qe3 $16) 21... fxg5 $11 {The position is equal.} 22. Qg6+ Kh8 {Hoping for ...Qf6.} 23. Qh6+ Kg8 {Strongly threatening ...Qf6.} 24. Qg6+ Kh8 {...Qf6 is the strong threat.} 25. Qh6+ Kg8 {Accuracy: White = 92%, Black = 93%.} 1/2-1/2

[Event "EWCCC Online Final 2020"]
[Site "Online"]
[Date "2020.12.21"]
[Round "7.3"]
[White "Muzychuk, Mariya"]
[Black "Kashlinskaya, Alina"]
[Result "1-0"]
[WhiteElo "2544"]
[BlackElo "2494"]
[Annotator "TA"]
[PlyCount "59"]
[EventDate "2020.12.19"]
[EventType "team-tourn"]
[EventCountry "NET"]
[SourceTitle "playchess.com"]
[Source "ChessBase"]
[SourceQuality "1"]

{[%evp 12,59,27,10,27,30,31,21,27,14,12,0,0,-33,-13,-10,-5,-27,-7,-4,29,35,33,12,0,0,42,40,72,75,116,124,101,75,406,412,480,488,554,541,836,836,809,811,786,779,1677,1632,1278,1204]} 1. e4 e6 2. d4 d5 3. Nc3 Nf6 4. Bg5 dxe4 5. Nxe4 Be7 6. Bxf6 gxf6 7. Qd2 b6 {C13: French: Classical System: 4 Bg5 Be7, Alekhine-Chatard Attack.} 8. O-O-O Bb7 9. Nc3 c6 {The position is equal.} 10. Qh6 (10. f4 f5 11. Nf3 Nd7 12. Qe3 Qc7 13. Ne5 Nf6 14. Bc4 Qd6 15. Rhe1 b5 16. Nxf7 Kxf7 17. Bxe6+ {1-0 (35) Muzychuk,M (2559)-Kashlinskaya,A (2484) Moscow 2019}) 10... Nd7 {[#]} 11. Qg7 $146 ({Predecessor:} 11. Bc4 Qc7 12. Qg7 Rf8 13. Qxh7 f5 14. Nf3 Qf4+ 15. Kb1 Nf6 16. Qh3 Ng4 17. Rhf1 {0-1 (61) Grigoryan,K (2473)-Petrosian,D (2478) Kajaran 2011}) 11... Rf8 12. Qxh7 (12. Nf3 {seems wilder.} b5 13. h4 Qc7 14. Kb1 O-O-O 15. Be2) 12... f5 13. Qh3 Qc7 14. Qe3 O-O-O 15. Nf3 Bf6 16. h4 $36 {[%mdl 2048] White is pushing.} Kb8 17. Kb1 b5 18. Be2 Nb6 19. a3 a6 20. h5 Ka8 21. Ne5 c5 {[#] Threatens to win with ...cxd4.} 22. dxc5 (22. f4 {feels hotter.} Rxd4 23. Rxd4 cxd4 24. Qxd4 Rc8 25. h6) 22... Nd5 $2 {[%mdl 8192] Loses the game.} (22... Qxe5 $16 23. Rxd8+ (23. cxb6 Qxe3 24. Rxd8+ Rxd8 $14) 23... Rxd8) 23. Nxd5 $18 Rxd5 24. Rxd5 {White is clearly winning.} Bxd5 25. f4 Bxg2 26. Bf3+ Bxf3 27. Qxf3+ Kb8 28. Nc6+ Kb7 29. Rd1 Kc8 30. Rd6 {Accuracy: White = 89%, Black = 48%.} 1-0

[Event "EWCCC Online Final 2020"]
[Site "Online"]
[Date "2020.12.21"]
[Round "7.3"]
[White "Khademalsharieh, Sarasadat"]
[Black "Muzychuk, Anna"]
[Result "1/2-1/2"]
[WhiteElo "2494"]
[BlackElo "2535"]
[Annotator "TA"]
[PlyCount "74"]
[EventDate "2020.12.19"]
[EventType "team-tourn"]
[EventCountry "NET"]
[SourceTitle "playchess.com"]
[Source "ChessBase"]
[SourceQuality "1"]

{[%evp 9,74,-2,0,4,3,11,16,-3,0,7,7,6,9,7,12,18,23,0,33,7,19,6,25,-2,-2,-10,0,0,0,0,0,-26,-35,-71,-46,-60,-50,-55,-56,-52,-34,-46,-27,-72,-69,-79,-66,-54,-72,-77,-77,-183,-69,-69,-55,-52,-34,-118,-85,-70,-58,-77,0,-59,0,-81,0]} 1. d4 Nf6 2. c4 e6 3. Nc3 Bb4 4. e3 O-O 5. Bd2 c5 6. a3 {E46: Nimzo-Indian: Rubinstein: 4 e3 0-0 5 Ne2 without early Bd3.} Bxc3 7. Bxc3 Ne4 8. Rc1 {The position is equal.} d6 (8... b6 {is more complex.} 9. d5 Re8 10. Bd3 exd5 11. cxd5 Nxc3 12. bxc3 d6) 9. Nf3 Nc6 10. Bd3 Nxc3 11. Rxc3 Qe7 12. O-O {[#]} b6 $146 ({Predecessor:} 12... e5 13. dxe5 dxe5 14. Be4 Bd7 15. Bd5 Kh8 16. Nd2 f5 17. f4 Rad8 18. Nf3 e4 {½-½ (47) Peskov,A (2382)-Dvoirys,S (2569) Voronezh 2011}) 13. Qb1 g6 14. b4 Rb8 15. Be4 Bd7 16. b5 Na5 17. dxc5 dxc5 18. Ne5 Rfd8 19. f4 f6 20. Nd3 Be8 21. Nb2 Rd6 22. Rd1 Rbd8 23. Rxd6 Rxd6 24. Rd3 Qd8 25. Qd1 Rxd3 26. Bxd3 Bf7 27. Qc2 Kg7 28. Be4 Qd6 29. Kf2 e5 30. g3 {[#]} (30. Qd3 $17 Qxd3 31. Bxd3) 30... f5 (30... exf4 $1 $19 31. gxf4 Qe6) 31. Bf3 exf4 32. gxf4 Qf6 33. Be2 ({White should try} 33. Bd5 $15) 33... Qh4+ 34. Kg2 Qe7 35. Kf2 Qh4+ 36. Kg2 Qe7 37. Kf2 $1 Qh4+ {Weighted Error Value: White=0.16/Black=0.14} ({Better is} 37... Qf6 $17) 1/2-1/2

[Event "EWCCC Online Final 2020"]
[Site "Online"]
[Date "2020.12.21"]
[Round "7.3"]
[White "Kosteniuk, Alexandra"]
[Black "Osmak, Iulija"]
[Result "1/2-1/2"]
[WhiteElo "2471"]
[BlackElo "2438"]
[Annotator "TA"]
[PlyCount "101"]
[EventDate "2020.12.19"]
[EventType "team-tourn"]
[EventCountry "NET"]
[SourceTitle "playchess.com"]
[Source "ChessBase"]
[SourceQuality "1"]

{[%evp 16,101,29,36,40,28,33,7,39,16,25,14,22,-27,-12,-28,-24,-44,41,17,28,-8,0,-16,0,0,8,-41,-7,-16,-18,-87,-88,-87,-89,-82,-88,-93,-22,-33,-20,-18,-16,-16,0,-8,-8,-8,-8,-18,-17,-80,-18,-20,-16,-16,-8,-16,0,-16,0,-16,0,-16,0,-16,0,0,0,0,0,0,0,0,0,0,0,0,0,0,0,0,0,0,0,0,0,0]} 1. e4 Nc6 2. Nf3 e5 3. Bb5 a6 4. Ba4 b5 5. Bb3 Na5 6. O-O d6 7. d4 exd4 {7...exd4 is better than 7...Nxb3.} 8. Nxd4 Bb7 9. Bd2 Nxb3 {C70: Ruy Lopez: 3...a6 4 Ba4, Norwegian and Delayed Schliemann.} 10. axb3 g6 11. c4 c5 12. Nf3 {[#]} (12. Ba5 $5 {[%cal Ra5d8]} Qd7 13. Nf3 $14) 12... Bg7 $146 ({Predecessor:} 12... b4 13. Bf4 Qc7 14. Nbd2 O-O-O 15. Qc2 Bg7 16. Rfe1 Ne7 17. Nf1 f5 18. Ng5 Nc6 {1-0 (41) Nuutilainen,E-Wikman,R Finland 1971}) 13. Bf4 Nf6 14. Re1 O-O 15. Bxd6 Re8 16. Bxc5 Bxe4 (16... Nxe4 $15 17. Bd4 Ng5 18. Rxe8+ Qxe8 19. Nxg5 Rd8) 17. Qxd8 Rexd8 18. Nc3 Bxf3 19. gxf3 Rdc8 20. b4 bxc4 21. Rad1 Bf8 22. Na4 {[#] Black must now prevent Nb6.} Rab8 23. Bxf8 (23. Re5 $11) 23... Kxf8 $17 24. Rd6 Rxb4 25. Rxa6 Nd5 26. Re4 Rcb8 (26... Nc7 $17 27. Ra5 Ne6) 27. Nc5 {[#] aiming for Nd7+.} Rd8 28. Ra7 Rxb2 {Hoping for ...c3.} 29. Rxc4 Nf6 (29... Ne3 {seems wilder.} 30. Rc1 Rc2 31. Rca1 Nf5 32. Nd7+ Kg7) 30. Rf4 Rb6 31. Ne4 Rd7 32. Rxd7 Nxd7 $11 {[%mdl 4096] Endgame KRN-KRN} 33. Ng3 (33. Ng5 $11) 33... Kg7 (33... Ne5 $17 34. Nf1 Rb1) 34. Kg2 {The position is equal.} Nf6 35. Rd4 h5 36. h4 Rb7 37. Ne2 Rd7 38. Rc4 Re7 39. Nc3 Rd7 40. Ne4 Nxe4 41. fxe4 {KR-KR} Kf6 42. Rc5 Rd3 43. f3 Rd1 44. Kg3 Rh1 45. Ra5 Ke6 46. Rb5 Kf6 47. Rb6+ Ke7 48. Rb7+ Kf6 49. Rb6+ $1 Ke7 50. Rb7+ Kf6 51. Rb6+ {Weighted Error Value: White=0.14/Black=0.16} 1/2-1/2

[Event "EWCCC Online Final 2020"]
[Site "Online"]
[Date "2020.12.21"]
[Round "7.3"]
[White "Buksa, Nataliya"]
[Black "Benmesbah, Natacha"]
[Result "1-0"]
[WhiteElo "2413"]
[BlackElo "2223"]
[Annotator "TA"]
[PlyCount "35"]
[EventDate "2020.12.19"]
[EventType "team-tourn"]
[EventCountry "NET"]
[SourceTitle "playchess.com"]
[Source "ChessBase"]
[SourceQuality "1"]

{[%evp 18,35,60,52,60,41,68,64,72,76,83,77,177,198,181,187,190,182,377,372]} 1. e4 c5 2. c3 Nf6 3. e5 Nd5 4. Bc4 e6 5. d4 cxd4 6. cxd4 Nb6 7. Bd3 d6 8. Nf3 Nc6 9. O-O Be7 10. Nc3 dxe5 {B22: Sicilian: 2 c3.} 11. dxe5 Nb4 12. Be4 O-O {White is slightly better.} 13. Qe2 N6d5 14. Rd1 {[#]} b6 $146 (14... Bd7 $16) ({Predecessor:} 14... Qa5 15. Bd2 Nxc3 16. Bxc3 g6 17. Qd2 Qb6 18. Qh6 Nc6 19. h4 Rd8 20. h5 Bf8 {½-½ (32) Kemp,P (2109)-Mansson,J (2142) England 2009}) 15. a3 $18 Nxc3 16. bxc3 {[%cal Bb2c3,Bc3c4][%mdl 32]} Nd5 17. Qc2 {Black must now prevent c4.} Qc7 $2 {[#]} (17... f5 {was worth a try.}) 18. c4 {White took control after the opening.  Weighted Error Value: White=0.00/Black=0.37} 1-0

[Event "EWCCC Online Final 2020"]
[Site "Online"]
[Date "2020.12.21"]
[Round "7.4"]
[White "Dzagnidze, Nana"]
[Black "Mammadova, Gulnar"]
[Result "1-0"]
[WhiteElo "2524"]
[BlackElo "2382"]
[Annotator "TA"]
[PlyCount "69"]
[EventDate "2020.12.19"]
[EventType "team-tourn"]
[EventCountry "NET"]
[SourceTitle "playchess.com"]
[Source "ChessBase"]
[SourceQuality "1"]

{[%evp 9,68,0,0,0,0,0,0,0,0,-4,29,24,32,0,0,8,4,6,2,-41,-28,-41,-25,-68,0,-14,0,-20,6,5,25,34,57,51,47,51,47,49,97,100,220,218,263,102,95,108,320,131,131,131,133,6,129,118,190,167,162,147,925,921,29999]} 1. c4 e5 2. Nc3 Nc6 3. Nf3 g6 4. e3 Bg7 5. Be2 Nge7 6. d4 {A27: English Opening: Three Knights Variation.} exd4 7. exd4 {[#]} d5 $146 ({Predecessor:} 7... O-O 8. O-O d5 9. Be3 Nf5 10. cxd5 Nce7 11. Bc4 Nd6 12. Bb3 Bg4 13. h3 Bf5 {1-0 (29) Dantas,A-Nunes,J Portugal 1994}) 8. cxd5 {The position is equal.} Nxd5 9. Bg5 f6 (9... Qd6 {with more complications.} 10. O-O O-O 11. Qd2 Re8 12. Rfe1 Bf5) 10. Bd2 Be6 11. Ne4 O-O 12. Nc5 {[%cal Be4c5,Bc5b3,Bb3c1,Bc1e2,Be2g3][%mdl 32]} Bf7 13. O-O b6 14. Nb3 a5 15. Bb5 $1 {[%cal Rb5c6]} Qd6 16. a3 Rad8 (16... Nde7 $15 17. a4 Nb4) 17. Re1 Na7 18. Bf1 g5 19. Nc1 Nf4 (19... Bh5 {keeps more tension.} 20. Qb3 Nc6 21. Ne2 Qd7 22. Rac1 Kh8) 20. Bxf4 Qxf4 21. Ne2 Qd6 22. Ng3 Bg6 23. Bd3 g4 {[#]} 24. Nh4 $1 Bxd3 (24... Qxd4 $16 25. Bxg6 (25. Nxg6 hxg6 26. Bxg6 Qxd1 $16) 25... Qxd1 26. Raxd1 hxg6) 25. Qxd3 $18 Qxd4 26. Qa6 $2 (26. Qxd4 $18 Rxd4 27. Nhf5) 26... Nc6 $16 27. Nhf5 Qd3 $2 (27... Qd5 $16) 28. Qb7 (28. Qxd3 $18 {and the rest is easy.} Rxd3 29. Nh5) 28... Nd4 29. Nxg7 Kxg7 30. Re7+ ({Better is} 30. Qxc7+ $16 Kh8 31. Re7 (31. Qxb6 Nc2 $11)) 30... Kh8 (30... Rf7 $1 $11 {remains equal.} 31. Rxf7+ (31. Rxc7 Ne2+ 32. Kh1 Rdd7 $11) (31. Nh5+ Kh6 $17) 31... Kxf7 32. Qxc7+ {[%mdl 64] Double Attack} Kg6) 31. Qxc7 Rc8 (31... Qc2 $16 32. Qxb6 Nc6) 32. Qxb6 Nf5 33. Ra7 {[#] Black must now prevent Qb7.} Rb8 $2 {[%mdl 8192]} (33... Nxg3 $16 34. hxg3 (34. fxg3 Rc2 $14) 34... Qd2) 34. Qc7 $18 {[%csl Ga7][%cal Rc7h7]} Nxg3 35. Qg7# {Weighted Error Value: White=0.25/Black=0.47} ({Weaker is} 35. fxg3 Qg6 $16) 1-0

[Event "EWCCC Online Final 2020"]
[Site "Online"]
[Date "2020.12.21"]
[Round "7.4"]
[White "Paehtz, Elisabeth"]
[Black "Fataliyeva, Ulviyya"]
[Result "1-0"]
[WhiteElo "2467"]
[BlackElo "2301"]
[Annotator "TA"]
[PlyCount "85"]
[EventDate "2020.12.19"]
[EventType "team-tourn"]
[EventCountry "NET"]
[SourceTitle "playchess.com"]
[Source "ChessBase"]
[SourceQuality "1"]

{[%evp 17,85,-6,0,-20,-20,-37,0,0,0,-2,7,8,9,0,87,80,92,0,0,-29,-22,-10,-23,0,43,36,41,39,122,38,87,27,27,19,112,100,95,70,83,88,247,135,197,168,208,191,190,159,195,69,101,79,121,84,135,131,232,205,29986,29987,29987,29988,29989,29975,29994,29995,29995,29996,29996,29997]} 1. d4 d5 2. Bf4 Nf6 3. e3 e6 4. Nd2 Bd6 5. Bg3 b6 6. c3 Bb7 7. Bd3 c5 8. Ngf3 O-O 9. Ne5 Nc6 10. f4 {D02: 1 d4 d5 2 Nf3 sidelines, including 2...Nf6 3 g3 and 2...Nf6 3 Bf4.} Ne7 11. O-O Ne8 {[#]} 12. Bh4 $146 {The position is equal.} ({Predecessor:} 12. Qg4 f5 13. Qh3 Nf6 14. Bh4 Qe8 15. Be2 Rc8 16. Ndf3 Ne4 17. Ng5 Nxg5 18. Bxg5 Rc7 19. a4 a5 20. Bb5 Qc8 21. Bxe7 Rxe7 22. Qf3 Bxe5 23. Be2 {½-½ (23) Kovacevic,S (2245)-Plaskett,H (2454) Lorca 2018}) 12... f6 13. Qg4 f5 14. Qh3 Nf6 15. Ndf3 Ne4 (15... Qe8 $11) 16. Bxe4 $16 dxe4 {[#]} 17. Ng5 (17. dxc5 $1 $16 bxc5 18. Bxe7 Bxe7 19. Rad1) 17... Rf6 $1 $11 ({But not} 17... Bxe5 $2 18. Nxe6 Qd6 19. Nxf8 $18) 18. Nxh7 Rh6 19. Ng5 {Ngf7 is the strong threat.} Bxe5 20. dxe5 Ng6 21. Rfd1 $1 {[%cal Rd1d8]} Qe8 22. g3 Bd5 {[#]} (22... Qb5 $14) 23. b3 (23. Rxd5 $1 $16 exd5 24. Qxf5) 23... b5 24. Qf1 (24. Rxd5 $16 exd5 25. Qxf5) 24... c4 $1 25. Rd4 Nxh4 (25... cxb3 $11 26. axb3 Bxb3) 26. gxh4 $16 Rxh4 27. h3 Rc8 28. b4 Qh5 $2 (28... Rh5 $16 {was necessary.}) 29. Rad1 ({White should play} 29. a4 $18) 29... Rd8 (29... Qg6 $16) 30. R1d2 Qh6 31. Rg2 Kf8 32. Qe1 Ke7 33. Qg3 ({White should try} 33. Rdd2 $18) 33... Rh8 34. Kf1 Qg6 35. Qe1 Qh6 (35... Qh5 $142) 36. Rg3 {Black must now prevent Qc1.} Ra8 (36... Rh5 $16) 37. Qd1 a5 $2 (37... Rd8 $18 38. Qc1 Rh5) 38. Rxd5 {White mates.} exd5 39. Qxd5 {[%mdl 64] Double Attack} Ra6 40. e6 Rd6 41. Qb7+ Ke8 42. Qf7+ Kd8 43. e7+ {Weighted Error Value: White=0.23/Black=0.41} 1-0